5HLuxD.jpg

KING HENRY VIII SENIOR AND PRIMARY SCHOOL LIBRARY OPAC

Secret Santa / (Record no. 199)

000 -LEADER
fixed length control field 01096pam a2200385 a 4500
001 - CONTROL NUMBER
control field 017090452
003 - CONTROL NUMBER IDENTIFIER
control field UkOxU
005 - DATE AND TIME OF LATEST TRANSACTION
control field 20190801085634.0
008 - FIXED-LENGTH DATA ELEMENTS--GENERAL INFORMATION
fixed length control field 091204s2009 stka j 000 1 eng c
015 ## - NATIONAL BIBLIOGRAPHY NUMBER
National bibliography number GBA984885
Source bnb
020 ## - INTERNATIONAL STANDARD BOOK NUMBER
International Standard Book Number 9781842997147 (pbk.) :
020 ## - INTERNATIONAL STANDARD BOOK NUMBER
International Standard Book Number 1842997149 (pbk.) :
035 ## - SYSTEM CONTROL NUMBER
System control number (StEdNL)4327560
035 ## - SYSTEM CONTROL NUMBER
System control number (Uk)015357652
040 ## - CATALOGING SOURCE
Original cataloging agency StDuBDS
Language of cataloging eng
Transcribing agency StDuBDS
Modifying agency StEdNL
-- Uk
042 ## - AUTHENTICATION CODE
Authentication code ukscp
082 04 - DEWEY DECIMAL CLASSIFICATION NUMBER
Classification number FIC COM
Edition number 22
100 1# - MAIN ENTRY--PERSONAL NAME
Personal name Combes, Alan.
Relator term author
245 10 - TITLE STATEMENT
Title Secret Santa /
Statement of responsibility, etc. by Alan Combes ; illustrated by Stephen Elford.
260 ## - PUBLICATION, DISTRIBUTION, ETC.
Place of publication, distribution, etc. Edinburgh :
Name of publisher, distributor, etc. Barrington Stoke,
Date of publication, distribution, etc. 2009.
300 ## - PHYSICAL DESCRIPTION
Extent 22 p. :
Other physical details ill. ;
Dimensions 20 cm.
490 1# - SERIES STATEMENT
Series statement The dead man files
490 1# - SERIES STATEMENT
Series statement Go!
500 ## - GENERAL NOTE
General note Formerly CIP.
Institution to which field applies Uk
650 ## - SUBJECT ADDED ENTRY--TOPICAL TERM
Topical term or geographic name entry element Traffic accident victims
650 ## - SUBJECT ADDED ENTRY--TOPICAL TERM
Topical term or geographic name entry element Fiction
Form subdivision Revenge
655 #0 - INDEX TERM--GENRE/FORM
Genre/form data or focus term Ghost stories.
655 #0 - INDEX TERM--GENRE/FORM
Genre/form data or focus term Easy reading
655 #0 - INDEX TERM--GENRE/FORM
Genre/form data or focus term Young adult fiction.
700 1# - ADDED ENTRY--PERSONAL NAME
Personal name Elford, Stephen.
Relator term Illustrator
800 1# - SERIES ADDED ENTRY--PERSONAL NAME
Personal name Combes, Alan.
Title of a work Dead man files.
830 #0 - SERIES ADDED ENTRY--UNIFORM TITLE
Uniform title Go!
942 ## - ADDED ENTRY ELEMENTS (KOHA)
Source of classification or shelving scheme
Koha item type Books - Fiction
Holdings
Withdrawn status Lost status Source of classification or shelving scheme Damaged status Not for loan Collection code Permanent Location Current Location Shelving location Date acquired Total Checkouts Full call number Barcode Date last seen Date last checked out Price effective from Koha item type
          Fiction KH8 Senior School Library KH8 Senior School Library Easy Reading 2019-08-01 1 FIC COM 3KHSL000100277 2024-07-23 2019-10-04 2019-08-01 Books - Fiction

Powered By KH8 IT Dept